[Event "Moscow-ch"]
[Site "Moscow"]
[Date "1997.??.??"]
[Round "2"]
[White "Ivanov, Victor L"]
[Black "Janovsky, Sergey"]
[Result "1/2-1/2"]
[WhiteElo "2390"]
[BlackElo "2510"]

1.d4 d5 2.c4 c6 3.Nf3 Nf6 4.Nc3 dxc4 5.a4 Bf5 6.Ne5 e6 7.f3 Bb4 8.e4 Bxe4
9.fxe4 Nxe4 10.Bd2 Qxd4 11.Nxe4 Qxe4+ 12.Qe2 Bxd2+ 13.Kxd2 Qd5+ 14.Kc3 Na6
15.Nxc4 O-O-O 16.Qe3 Qc5 17.Qxc5 Nxc5 18.a5 f6 19.Be2 Kc7 20.Rhd1 e5 21.Bg4 g6
22.b4 Ne4+ 23.Kc2 h5 24.Be2 Ng5 25.Rxd8 Rxd8 26.Rf1 Ne4 27.Bd3 Rd4 28.Re1 Nf2
29.Be2 b5 30.axb6+ axb6 31.Rf1 Ne4 32.Rd1 Rxd1 33.Bxd1 Ng5 34.h4 Ne6 35.g4 hxg4
36.Bxg4 Nd4+ 37.Kd3 b5 38.Ne3 Kd6 39.h5 gxh5 40.Bxh5 c5 41.bxc5+ Kxc5 42.Ng4 e4+
43.Kxe4 f5+ 44.Kd3 Ne6 45.Nf6 Nf4+  1/2-1/2

[Event "Moscow-2 "]
[Site "Moscow"]
[Date "1997.??.??"]
[Round "6"]
[White "Driamin, Dmitrij"]
[Black "Panus, Victor"]
[Result "1-0"]
[WhiteElo "2235"]
[BlackElo "2170"]

1.c4 Nf6 2.Nf3 c6 3.d4 d5 4.Nc3 dxc4 5.a4 Bf5 6.e3 e6 7.Bxc4 Bb4 8.O-O O-O
9.Qe2 Bg4 10.h3 Bh5 11.Rd1 Bxc3 12.bxc3 Ne4 13.Bb2 Nd7 14.g4 Bg6 15.Kg2 Nb6
16.Bd3 Nd5 17.Qc2 f5 18.Bxe4 fxe4 19.Ne5 Qh4 20.Qe2 Rf6 21.Rh1 Raf8 22.Raf1 Rf3
23.Qd2 Nxe3+ 24.Qxe3 Rxe3 25.fxe3 Rf3 26.Nxf3 exf3+ 27.Kxf3 Bd3 28.Re1 Qf6+
29.Kg3 Be4 30.Rhf1 Qe7 31.Rf4 Qc7 32.g5 h6 33.h4 c5 34.gxh6 g6 35.dxc5 Kh7
36.Rf1 Kxh6 37.c4 Bd3 38.Rf3 Qa5 39.Rf8 Qe1+ 40.Kh2 g5 41.hxg5+ Kg6 42.Rg8+ Kh5
43.Rh8+ Kg4 44.Rf4+ Kxg5 45.Bf6+ Kg6 46.Rg8+ Kh7 47.Rg1 Qe2+ 48.Rg2  1-0

[Event "NRW-Cup Masters op"]
[Site "Muenster"]
[Date "1997.??.??"]
[Round "8"]
[White "Romanishin, Oleg M"]
[Black "Kupreichik, Viktor D"]
[Result "1/2-1/2"]
[WhiteElo "2550"]
[BlackElo "2500"]

1.d4 d5 2.Nf3 Nf6 3.c4 c6 4.Nc3 dxc4 5.a4 Bf5 6.e3 e6 7.Bxc4 Bb4 8.O-O O-O
9.Bd2 c5 10.Ne2 Bxd2 11.Nxd2 Nbd7 12.dxc5 Nxc5 13.Nd4  1/2-1/2

[Event "JUG-chT"]
[Site "Niksic"]
[Date "1997.??.??"]
[Round "6"]
[White "Rajkovic, Dusan"]
[Black "Matulovic, Milan"]
[Result "1/2-1/2"]
[WhiteElo "2465"]
[BlackElo "2445"]

1.d4 d5 2.Nf3 Nf6 3.c4 dxc4 4.Nc3 c6 5.a4 Bf5 6.Ne5 e6 7.f3 Bb4 8.e4 Bxe4
9.fxe4 Nxe4 10.Bd2 Qxd4 11.Nxe4 Qxe4+ 12.Qe2 Bxd2+ 13.Kxd2 Qd5+ 14.Kc3 Na6
15.Nxc4 O-O-O 16.Qe3 Qc5 17.Be2 Qxe3+ 18.Nxe3 Nc5 19.Rhd1 e5 20.a5 Kc7 21.Kb4 Ne4
22.Rac1 a6 23.Bf3 Nf2 24.Nd5+ Kb8 25.Rd2 cxd5 26.Rxf2 f5 27.Bd1 g6 28.Rfc2 Rd7
29.Rc5 Rhd8 30.Ba4 Re7 31.h4 e4 32.Kc3 d4+ 33.Kd2 f4 34.Bb3 d3 35.Rd1 Rd5
36.Bxd5 Re5 37.Bg8 h6 38.Bh7  1/2-1/2

[Event "Nova Gorica op"]
[Site "Nova Gorica"]
[Date "1997.??.??"]
[Round "1"]
[White "Maksimenko, Andrei"]
[Black "Kavcic, Uros"]
[Result "1-0"]
[WhiteElo "2545"]
[BlackElo "2100"]

1.d4 d5 2.c4 c6 3.Nf3 Nf6 4.Nc3 dxc4 5.a4 Bf5 6.Ne5 e6 7.f3 Nbd7 8.e4 Bg6
9.Nxc4 Bb4 10.Be2 O-O 11.O-O Qc7 12.Qb3 a5 13.Kh1 e5 14.dxe5 Nc5 15.Qa2 Nfd7
16.Bf4 Ne6 17.Bg3 b5 18.axb5 Bxc3 19.bxc3 cxb5 20.Nd6 Qxc3 21.Nxb5 Qe3 22.Bc4 Ndc5
23.Rae1 Qh6 24.Nd6 a4 25.f4  1-0

[Event "RUS-chT"]
[Site "Orel"]
[Date "1997.??.??"]
[Round "?"]
[White "Belozerov, Andrei"]
[Black "Samarin, Igor"]
[Result "1/2-1/2"]
[WhiteElo "2420"]
[BlackElo "2395"]

1.d4 d5 2.c4 c6 3.Nc3 Nf6 4.Nf3 dxc4 5.a4 Bf5 6.e3 e6 7.Bxc4 Bb4 8.O-O Nbd7
9.Qe2 Bg6 10.e4 O-O 11.Bd3 Bh5 12.e5 Nd5 13.Nxd5 cxd5 14.Qe3 Be7 15.Bd2 Nb8
16.b4 Nc6 17.Rfb1 a6 18.Bc3 Bg6 19.Bxg6 fxg6 20.Ne1  1/2-1/2

[Event "RUS-chT"]
[Site "Orel"]
[Date "1997.??.??"]
[Round "?"]
[White "Notkin, Maksim"]
[Black "Samarin, Igor"]
[Result "1/2-1/2"]
[WhiteElo "2515"]
[BlackElo "2395"]

1.d4 d5 2.c4 c6 3.Nc3 Nf6 4.Nf3 dxc4 5.a4 Bf5 6.Ne5 Nbd7 7.Nxc4 Qc7 8.g3 e5
9.dxe5 Nxe5 10.Bf4 Nfd7 11.Nxe5 Nxe5 12.Qd4 f6 13.Bg2 Be7 14.O-O O-O 15.a5 a6
16.Ne4 Kh8  1/2-1/2

[Event "Orel"]
[Site "Orel"]
[Date "1997.??.??"]
[Round "?"]
[White "Kiselev, Sergey"]
[Black "Samarin, Igor"]
[Result "1/2-1/2"]
[WhiteElo "2485"]
[BlackElo "2395"]

1.d4 d5 2.Nf3 c6 3.c4 Nf6 4.Nc3 dxc4 5.a4 Bf5 6.e3 e6 7.Bxc4 Bb4 8.O-O Nbd7
9.Nh4 Bg6 10.f4 Nd5 11.Nxg6 hxg6 12.Ne4 a5 13.Ng5 N7b6 14.Bd3 Be7 15.Nf3  1/2-1/2

[Event "Ozery op2 Seniors"]
[Site "Ozery"]
[Date "1997.??.??"]
[Round "5"]
[White "Osnos, Viatcheslav"]
[Black "Terentiev, Vitaly G"]
[Result "1/2-1/2"]
[WhiteElo "2430"]
[BlackElo "2395"]

1.d4 d5 2.c4 c6 3.Nf3 Nf6 4.Nc3 dxc4 5.a4 Bf5 6.e3 e6 7.Bxc4 Bb4 8.O-O O-O
9.Qe2 Nbd7 10.Rd1 Bg6 11.Bd2 a5 12.Bd3 Bxd3 13.Qxd3 h6 14.e4 Qe7 15.h3 Rad8
16.Bf4 Bxc3 17.Qxc3 Nxe4 18.Qxa5 Ndf6 19.Qe1 Nd6  1/2-1/2

[Event "Ozery op1 Seniors"]
[Site "Ozery"]
[Date "1997.??.??"]
[Round "6"]
[White "Khasin, Abram"]
[Black "Leonidov, Vladimir"]
[Result "1-0"]
[WhiteElo "2420"]
[BlackElo "2295"]

1.d4 d5 2.c4 c6 3.Nf3 Nf6 4.Nc3 dxc4 5.a4 Bf5 6.e3 e6 7.Bxc4 Bb4 8.O-O O-O
9.Qe2 Nbd7 10.e4 Bg6 11.Bd3 h6 12.Rd1 Re8 13.e5 Bxd3 14.Rxd3 Nd5 15.Ne1 Nf8
16.Nc2 Be7 17.Ne4 f5 18.exf6 Nxf6 19.Rg3 Kh8 20.Bf4 Nxe4 21.Qxe4 Bf6 22.Be5 Qd5
23.Qxd5 exd5 24.Bxf6 gxf6 25.Ne3 Re4 26.Rd1 Rae8 27.h3 Rf4 28.Kf1 Kh7 29.a5 Ne6
30.Nc2 Nd8 31.Re1 Rfe4 32.Rb3 Rxe1+ 33.Nxe1 Re4 34.Nc2 Kg6 35.f3 Re7 36.g4 h5
37.Ne3 hxg4 38.hxg4 Rh7 39.Kg2 Re7 40.Nf5 Re1 41.Kg3 Ra1 42.Re3 Rxa5 43.Re8 Rb5
44.Rxd8 Kh7 45.Rd7+ Kg8 46.Kh4 Rxb2 47.Kh5 Kf8 48.Kg6 Ke8 49.Rxb7  1-0

[Event "Paris op"]
[Site "Paris"]
[Date "1997.??.??"]
[Round "?"]
[White "Relange, Eloi"]
[Black "Badii, Madjid"]
[Result "1/2-1/2"]
[WhiteElo "2480"]
[BlackElo "2255"]

1.d4 d5 2.c4 c6 3.Nf3 Nf6 4.Nc3 dxc4 5.a4 Bf5 6.e3 e6 7.Bxc4 Bb4 8.O-O O-O
9.Qe2 Bg4 10.h3 Bh5 11.g4 Bg6 12.Ne5 Nbd7 13.Nxg6 hxg6 14.Bb3 e5 15.dxe5 Nxe5
16.e4 Qd3 17.Qxd3 Nxd3 18.Bc2 Nxc1 19.Raxc1 Rfd8 20.Rcd1 g5  1/2-1/2

[Event "PER-ch45"]
[Site "Peru"]
[Date "1997.??.??"]
[Round "4"]
[White "Urday, Henry"]
[Black "Pacheco Asmat, Jorge"]
[Result "1-0"]
[WhiteElo "2440"]
[BlackElo "2375"]

1.d4 d5 2.c4 c6 3.Nf3 Nf6 4.Nc3 dxc4 5.a4 Bf5 6.e3 e6 7.Bxc4 Bb4 8.O-O Nbd7
9.Qe2 Bg6 10.Ne5 Nxe5 11.dxe5 Nd7 12.f4 Nc5 13.Na2 Bd3 14.Bxd3 Qxd3 15.Qxd3 Nxd3
16.Nxb4 Nxb4 17.Rd1 Rd8 18.Rxd8+ Kxd8 19.Bd2 Nd3 20.Bc3 Kc7 21.Kf1 Rd8 22.Ke2 Rd7
23.g4 c5 24.b3 Nb4 25.Bxb4 cxb4 26.Rc1+ Kb6 27.Rc8 Rd5 28.Rg8 Rc5 29.Rxg7 Rc3
30.Rxf7 Rxb3 31.f5 Rc3 32.fxe6 Rc8 33.Rd7 Rc5 34.Rd4 a5 35.Rd6+ Kc7 36.e7 Rxe5
37.Rd5 Rxe7 38.Rxa5 b3 39.Rb5 Re4 40.Kf3 Rxa4 41.Rxb3 h5 42.h3 hxg4+ 43.hxg4 Kc6
44.g5 b5 45.e4 b4 46.g6 Kd6 47.g7 Ra8 48.Rxb4 Ke5 49.Rb6 Rc8 50.Rg6 Rg8 51.Ke3  1-0

[Event "POL-ch sf"]
[Site "Poraj "]
[Date "1997.??.??"]
[Round "10"]
[White "Palus, Ryszard"]
[Black "Ulak, Slawomir"]
[Result "1-0"]
[WhiteElo "2235"]
[BlackElo "2390"]

1.d4 d5 2.c4 c6 3.Nf3 Nf6 4.Nc3 dxc4 5.a4 Bf5 6.e3 e6 7.Bxc4 Bb4 8.O-O Nbd7
9.Qb3 a5 10.Na2 Be7 11.Nh4 Be4 12.Nc3 O-O 13.Nxe4 Nxe4 14.Nf3 Ndf6 15.Rd1 Nd5
16.Qc2 Nd6 17.Bb3 Nb4 18.Qe2 Qb6 19.e4 Rac8 20.Bd2 Qa6 21.Qxa6 bxa6 22.e5 Nf5
23.g4 Nh4 24.Nxh4 Bxh4 25.g5 Rb8 26.Ra3 Rfd8 27.Bc1 h6 28.f4 hxg5 29.fxg5 Kh7
30.Bc4 Kg6 31.Rh3 Rh8 32.Rf1 Bf2+ 33.Kg2 Rxh3 34.Kxh3 Bxd4 35.Kg4 Bxe5 36.h4 f5+
37.gxf6 gxf6 38.Bxe6 Nd5 39.h5+ Kg7 40.h6+ Kh7 41.Kh5 Rb3 42.Rg1 Rg3 43.Rxg3 Bxg3
44.Bf5+ Kh8 45.Kg6 Be5 46.Kf7 c5 47.b3 Bd4 48.Bd2 Bc3 49.Bxc3 Nxc3 50.Bd3 f5
51.Ke6 f4 52.Kd6 f3 53.Kxc5 Na2 54.Bxa6 f2 55.Bf1 Kh7 56.Kb5 Nc3+ 57.Kxa5 Kxh6
58.Kb6  1-0

[Event "Portoroz op"]
[Site "Portoroz"]
[Date "1997.??.??"]
[Round "?"]
[White "Tukmakov, Vladimir B"]
[Black "Crepan, Marjan"]
[Result "1-0"]
[WhiteElo "2585"]
[BlackElo "2340"]

1.d4 d5 2.c4 c6 3.Nf3 Nf6 4.Nc3 dxc4 5.a4 Bf5 6.Nh4 Bc8 7.e3 a5 8.Bxc4 Na6
9.O-O Nb4 10.e4 e6 11.Nf3 Be7 12.Be3 O-O 13.Qe2 b6 14.Ne5 Qc7 15.f4 Ba6 16.Bxa6 Rxa6
17.Rac1 Bd8 18.f5 Nd7 19.fxe6 fxe6 20.Nf3 Ra8 21.Rb1 Be7  1-0

[Event "TESCO op 4"]
[Site "Prievidza"]
[Date "1997.??.??"]
[Round "3"]
[White "Plachetka, Jan"]
[Black "Gibiec, Ernest"]
[Result "1-0"]
[WhiteElo "2445"]
[BlackElo "2265"]

1.c4 Nf6 2.Nf3 c6 3.d4 d5 4.Nc3 dxc4 5.a4 Bf5 6.Ne5 c5 7.e4 Nxe4 8.Qf3 e6
9.Nxf7 Kxf7 10.Nxe4 Qd5 11.Ng5+ Kg8 12.Qxd5 exd5 13.g4 Bd7 14.Bg2 Bc6 15.Be3 Nd7
16.O-O-O cxd4 17.Bxd4 h6 18.Ne6 Kh7 19.Nc7 Rc8 20.Nxd5 Bxa4 21.Rde1 Bd6 22.Ne7 Nf6
23.Bxf6 Bf4+ 24.Kb1 gxf6 25.Be4+  1-0

[Event "CRO-Cup"]
[Site "Pula"]
[Date "1997.??.??"]
[Round "?"]
[White "Zaja, Ivan"]
[Black "Petrov, Jole"]
[Result "1-0"]
[WhiteElo "2440"]
[BlackElo "2365"]

1.d4 d5 2.c4 c6 3.Nf3 Nf6 4.Nc3 dxc4 5.a4 Bf5 6.Nh4 Bc8 7.e3 e5 8.Bxc4 exd4
9.exd4 Be7 10.Nf3 O-O 11.h3 a5 12.O-O Nbd7 13.Bg5 Nb6 14.Bb3 Bf5 15.Ne5 Nfd5
16.Bxe7 Qxe7 17.Qf3 Be6 18.Ne4 f6 19.Nd3 Qc7 20.Rfe1 Rfe8 21.h4 Bf7 22.h5 h6
23.Ng3 Nb4 24.Nxb4 axb4 25.Bc2 Nd5 26.Qf5 Kf8 27.Qh7 Ne7 28.Nf5 Nxf5 29.Qh8+ Bg8
30.Bxf5 Qd6 31.Bh7 Qd5 32.Rec1 Re7 33.Bd3 Rae8 34.Bc4 Re1+ 35.Rxe1 Rxe1+
36.Rxe1 Qxc4 37.Re3 Qxd4 38.Re8+ Kxe8 39.Qxg8+ Ke7 40.Qxg7+ Ke6 41.Qxh6 Qxb2
42.Qe3+ Kf7 43.Qd3 b3 44.Qg6+ Kf8 45.Qh6+ Ke7 46.Qg7+ Kd6 47.Qf8+ Kc7 48.Qe7+ Kb6
49.Qd8+ Kc5 50.Qe7+ Kc4 51.Qf7+ Kd3 52.Qg6+ Kd2 53.h6 Qa1+ 54.Kh2 Qe5+ 55.g3 Qg5
56.Qxg5+ fxg5 57.h7 b2 58.h8=Q b1=Q 59.Qd4+ Qd3 60.Qb2+ Ke1 61.Qxb7 Qf3 62.Qb2 Kf1
63.Qc1+ Kxf2 64.Qg1+ Ke2 65.Qg2+ Qxg2+ 66.Kxg2 c5 67.a5 c4 68.a6 c3 69.a7 c2
70.a8=Q c1=Q 71.Qf3+ Kd2 72.Qd5+ Ke2 73.Qb5+ Ke1 74.Qf1+ Kd2 75.Qxc1+ Kxc1
76.Kf3 Kd2 77.Kg4 Ke3 78.Kxg5  1-0

[Event "EU-chT (Men)"]
[Site "Pula"]
[Date "1997.??.??"]
[Round "2"]
[White "Huzman, Alexander"]
[Black "Haba, Petr"]
[Result "1/2-1/2"]
[WhiteElo "2585"]
[BlackElo "2520"]

1.d4 d5 2.c4 c6 3.Nf3 Nf6 4.Nc3 dxc4 5.a4 Bf5 6.e3 e6 7.Bxc4 Bb4 8.O-O Nbd7
9.Nh4 O-O 10.f3 Bg6 11.Nxg6 hxg6 12.Qc2 Rc8 13.Rd1 Qe7 14.a5 a6 15.Qb3 c5
16.d5 exd5 17.Nxd5 Nxd5 18.Bxd5 Nf6 19.Bc4 Rcd8 20.e4 Rxd1+ 21.Qxd1 Rd8 22.Qb3 Bd2
23.Bxd2 Rxd2 24.Rd1 Rxd1+ 25.Qxd1 g5 26.h3 g6 27.Kf1 Nh5 28.Qb3 Nf4 29.g3 Nh5
30.Bd5 Nxg3+ 31.Kf2 Nh5 32.Qxb7 Qf6 33.Qc8+ Kh7 34.Qb7 Kh6 35.Qb3 Nf4 36.Qc3 Qd8
37.Bxf7 Nxh3+ 38.Kg3 Nf4 39.Bc4 Kh7 40.Qe5 Nh5+ 41.Kg4 Qd2 42.Qe7+ Ng7 43.Kh3 Qc1
44.Qf7 Qh1+ 45.Kg3 Qg1+  1/2-1/2

[Event "Pula op"]
[Site "Pula"]
[Date "1997.??.??"]
[Round "3"]
[White "Vecerka, Pavel"]
[Black "Crepan, Marjan"]
[Result "0-1"]
[WhiteElo "2095"]
[BlackElo "2340"]

1.d4 d5 2.Nf3 Nf6 3.c4 c6 4.Nc3 dxc4 5.a4 Bf5 6.Ne5 Nbd7 7.Nxc4 Qc7 8.g3 e5
9.dxe5 Nxe5 10.Bf4 Nfd7 11.Qd4 f6 12.Bg2 Bc5 13.Bxe5 fxe5 14.Qh4 O-O 15.O-O Rae8
16.g4 Be6 17.b3 Rf4 18.h3 Nf8 19.e3 Ng6 20.Qh5 Bxc4 21.exf4 Bf7 22.Be4 Qb6
23.Bxg6 Bxg6 24.Qg5 Be7 25.Qxe5 Bf6 26.Qd6 Bxc3 27.Rac1 Bb4 28.Qd1 Bf7 29.Qc2 Bd5
30.Rfd1 a5 31.Qf5 Qd8 32.Rd4 Bc5 33.Rd2 b6 34.Qc2 Qh4 35.Qd3 h5 36.Qg6  0-1

[Event "EU-chT (Men)"]
[Site "Pula"]
[Date "1997.??.??"]
[Round "7"]
[White "Santos, Carlos P"]
[Black "Hurley, John"]
[Result "1-0"]
[WhiteElo "2340"]
[BlackElo "2195"]

1.d4 d5 2.c4 c6 3.Nf3 Nf6 4.Nc3 dxc4 5.a4 Bf5 6.Nh4 Bc8 7.e3 g6 8.Bxc4 Bg7
9.Qb3 O-O 10.Nf3 e6 11.O-O Nbd7 12.Rd1 Qe7 13.e4 e5 14.d5 Nb6 15.Be2 Rd8
16.a5 Nbd7 17.h3 Ne8 18.Be3 Ndf6 19.Bc4 cxd5 20.Nxd5 Nxd5 21.Bxd5 Nd6 22.Bc5 Be6
23.Bxe6 fxe6 24.Qb4 Bf8 25.Nxe5 Qc7 26.Rac1 Rac8 27.Qb3 Nc4 28.Rxd8 Rxd8
29.Qxc4 Qxe5 30.Bxa7 Bd6 31.g3 Rf8 32.Qd4 Qg5 33.Rc3 Be5 34.Qc5 Qf6 35.Rc2 Rd8
36.Qe3 Bxb2 37.Bb6 Rd1+ 38.Kg2 Be5 39.Rc8+ Kf7 40.Bc5 Bd6 41.Bxd6  1-0

[Event "EU-chT (Men)"]
[Site "Pula"]
[Date "1997.??.??"]
[Round "9"]
[White "Sergejev, Roman"]
[Black "Haba, Petr"]
[Result "1/2-1/2"]
[WhiteElo "2370"]
[BlackElo "2520"]

1.Nf3 Nf6 2.c4 c6 3.d4 d5 4.Nc3 dxc4 5.a4 Bf5 6.Ne5 e6 7.f3 Bb4 8.e4 Bxe4
9.fxe4 Nxe4 10.Bd2 Qxd4 11.Nxe4 Qxe4+ 12.Qe2 Bxd2+ 13.Kxd2 Qd5+ 14.Kc2 Na6
15.Nxc4 O-O 16.Qe5 Rab8 17.Be2 f6 18.Qxd5 cxd5 19.Nd6 Nb4+ 20.Kb1 a6 21.Ra3 Nc6
22.Rc1 Nd4 23.Bf1 Rfd8 24.Rd3 e5 25.Rxd4 exd4 26.Nf5 g6 27.Nxd4 Rbc8 28.Rd1 f5
29.Be2 Kf7 30.Bf3 Kf6 31.Nc2 a5 32.Ne3 Rc5 33.Rxd5 Rcxd5 34.Nxd5+ Ke5 35.Ne3 Kd4
36.Nd1 Rd7 37.Kc2 g5 38.h3 Rg7 39.Kd2 g4 40.hxg4 fxg4 41.Be2 h5 42.Ne3 Ke4
43.Bd3+ Kf4 44.Nd5+ Kg3 45.Nf6 Kxg2 46.Nxh5 Re7 47.Kc3 Kf3 48.b4 Re5 49.Bg6 g3
50.Nxg3 Kxg3 51.bxa5 Rxa5 52.Be8 Kf4 53.Bb5 Ke5 54.Kb4 b6 55.Bc4 Kd6 56.Bb5 Kc7
57.Kc4 Ra8 58.Kd5 Rh8 59.Ke6 Rd8 60.Ke5 Rd6 61.Ke4 Kd8 62.Bc4 Rd1 63.Bd3 Kc7
64.Kd4 Kc6 65.Kc4 Rc1+ 66.Kb4 Rd1 67.Be4+ Kc7 68.Kb5 Re1 69.Bd3 Re5+ 70.Kb4 Kd6
71.Kc4 Kc6 72.Kb4 Re3 73.Bb5+ Kd5 74.Ba6 Re1 75.Bb7+ Kd6 76.Kc4 Re5 77.Kb4 Rc5
78.Ba6 Kd5 79.Bb7+ Kd4 80.Ba6 Rg5 81.Bb7 Kd3 82.Ba6+ Kd4 83.Bb7 Rc5 84.Ba6 Kd5
85.Bb7+ Kd6 86.Ba6 Rc2 87.Kb5 Rb2+ 88.Kc4 Rb1 89.Bb7 Rg1 90.Kb5 Kc7 91.Bf3 Rg3
92.Be2 Kb7 93.Bc4 Rg1 94.Bd5+ Ka7 95.Bc4 Rb1+ 96.Kc6 Rb4 97.Bb5 Rd4 98.Kc7 Rd1
99.Kc6 Rc1+ 100.Kd7 Kb7 101.Kd6 Rd1+ 102.Ke7 Kc7 103.Ke6 Kd8 104.Bc6 Rg1
105.Bb5 Rg6+  1/2-1/2

[Event "Salsomaggiore op"]
[Site "Salsomaggiore"]
[Date "1997.??.??"]
[Round "3"]
[White "Iotti, Pierluigi"]
[Black "Formanek, Edward W"]
[Result "1/2-1/2"]
[WhiteElo "2290"]
[BlackElo "2335"]

1.d4 Nf6 2.Nf3 d5 3.c4 c6 4.Nc3 dxc4 5.a4 Bf5 6.e3 e6 7.Bxc4 Bb4 8.O-O O-O
9.Qe2 Ne4 10.Nxe4 Bxe4 11.b3 Nd7 12.Bb2 Nb6 13.Bd3 Qd5 14.a5 Bxd3 15.Qxd3 Nd7
16.Qc4 Qxc4 17.bxc4 b6 18.axb6 axb6 19.Rfc1 Rfc8 20.Kf1 Kf8 21.Ke2 c5 22.Kd3 f6
23.Rxa8 Rxa8 24.Ra1 Rxa1  1/2-1/2

[Event "Santiago op"]
[Site "Santiago de Chile"]
[Date "1997.??.??"]
[Round "6"]
[White "Brito, Jaime"]
[Black "Varas, Carlos"]
[Result "0-1"]
[WhiteElo "2175"]
[BlackElo "2295"]

1.d4 d5 2.c4 c6 3.Nf3 Nf6 4.Nc3 dxc4 5.a4 Bf5 6.e3 e6 7.Bxc4 Bb4 8.O-O O-O
9.Qb3 Qb6 10.Bd2 Nbd7 11.Rfe1 c5 12.dxc5 Nxc5 13.Qa2 a6 14.a5 Qc7 15.Rac1 Qxa5
16.Qxa5 Bxa5 17.Ne2 Bxd2 18.Nxd2 Rfd8 19.Red1 Na4  0-1

[Event "Stockholm"]
[Site "Stockholm"]
[Date "1997.??.??"]
[Round "2"]
[White "Sjoberg, Mats"]
[Black "Hultin, Johan"]
[Result "1-0"]
[WhiteElo "2420"]
[BlackElo "2355"]

1.d4 d5 2.c4 c6 3.Nf3 Nf6 4.Nc3 dxc4 5.a4 Bf5 6.Nh4 Bc8 7.e3 e5 8.Nf3 exd4
9.Nxd4 Bd6 10.Bxc4 O-O 11.h3 Bc7 12.O-O a5 13.e4 Qd6 14.f4 Bb6 15.Be3 Rd8
16.Nc2 Bxe3+ 17.Nxe3 Qe7 18.Qf3 Be6 19.e5 Nd5 20.Ncxd5 cxd5 21.Bxd5 Bxd5
22.Nxd5 Qc5+ 23.Kh1 Nc6 24.Nc3 Qb4 25.Rf2 Qb3 26.Re1 Nb4 27.Re3 Nc2 28.Rd3 Qxb2
29.Qd1 Rxd3 30.Qxd3 Nb4 31.Qf3 Qa3 32.Qxb7 Rf8 33.Rf3 Nc2 34.Qd7 Ne1 35.Rg3 Qc1
36.Qd1 Qxd1 37.Nxd1 Rd8 38.Rc3 h6 39.Ne3 Nd3 40.g3 Nb2 41.Nf5 Nxa4 42.Ra3 Nb2
43.Rxa5 Rd2 44.Nd6 g5 45.Ra8+ Kg7 46.f5 Nd3 47.Ne8+  1-0

[Event "Sutton op"]
[Site "Sutton"]
[Date "1997.??.??"]
[Round "?"]
[White "Kinsman, Andrew PH"]
[Black "Calvert, David Ian"]
[Result "1-0"]
[WhiteElo "2395"]
[BlackElo "2125"]

1.d4 d5 2.Nf3 Nf6 3.c4 c6 4.Nc3 dxc4 5.a4 Bf5 6.Ne5 e6 7.f3 Bb4 8.e4 Bxe4
9.fxe4 Nxe4 10.Bd2 Qxd4 11.Nxe4 Qxe4+ 12.Qe2 Bxd2+ 13.Kxd2 Qd5+ 14.Kc2 Na6
15.Nxc4 O-O-O 16.Qe3 Nc5 17.Be2 Qxg2 18.Rhg1 Qe4+ 19.Qxe4 Nxe4 20.Rxg7 Rd7
21.Bf3 Rhd8 22.Bxe4 Rd4 23.Bxh7 Rxc4+ 24.Kb3 Rdd4 25.Bc2 a5 26.Rxf7 b5 27.Rf2 Rb4+
28.Ka2 bxa4 29.Re1 Kd7 30.Ree2 c5 31.Rf7+ Kc6 32.Rxe6+ Kb5 33.Re2 Kc4 34.Rc7 Rd6
35.Bf5 Kb5 36.Rc8 c4 37.Rh8 Rb6 38.h4 Rb3 39.Be6 Rg3 40.Rc8  1-0

[Event "SVK-chT2 9697"]
[Site "SVK"]
[Date "1997.??.??"]
[Round "10"]
[White "Mokos, Jozef"]
[Black "Banas, Kamil"]
[Result "1-0"]
[WhiteElo "2265"]
[BlackElo "2045"]

1.Nf3 d5 2.d4 Nf6 3.c4 c6 4.Nc3 dxc4 5.a4 Bf5 6.Ne5 e6 7.e3 Nbd7 8.Nxd7 Qxd7
9.Bxc4 Be7 10.Qe2 O-O 11.O-O Bg6 12.Rd1 Qc7 13.e4 a6 14.f3 c5 15.d5 exd5
16.Bxd5 Bd6 17.g3 Rad8 18.Bg5 Be5 19.Kg2 h6 20.Bxf6 Bxf6 21.f4 Rfe8 22.e5 Bxe5
23.fxe5 Rxe5 24.Qf3 Bh5 25.g4 Rg5 26.h3 Qe7 27.Re1 Qf8 28.Rad1 Kh8 29.Kh1 Bg6
30.h4 Bc2 31.hxg5 Bxd1 32.Rxd1 hxg5 33.Rd2 f6 34.Qh3+  1-0

[Event "Tanta op"]
[Site "Tanta"]
[Date "1997.??.??"]
[Round "6"]
[White "Amin, Ashraf"]
[Black "Al Ashhab, Saamer"]
[Result "1/2-1/2"]
[WhiteElo "2120"]
[BlackElo "2275"]

1.d4 d5 2.c4 c6 3.Nc3 Nf6 4.Nf3 dxc4 5.a4 Bf5 6.Ne5 Nbd7 7.Nxc4 Qc7 8.f3 e5
9.dxe5 Nxe5 10.e4 Rd8 11.Qc2 Be6 12.Nxe5 Qxe5 13.Be3 Qa5 14.Rc1 Bc5 15.Bxc5 Qxc5
16.Nd5 Qxc2 17.Nxf6+ Ke7 18.Rxc2 Kxf6 19.a5 a6 20.Be2 Rd4 21.Kf2 Rhd8 22.Ke3 Ra4
23.Rc5 Rdd4 24.Rb1 Rdb4 25.Bd3 g6 26.e5+ Ke7 27.Bc2 Ra2 28.b3 Rxc2 29.Rxc2 Bf5
30.Rcb2 Bxb1 31.Rxb1 Rb5 32.b4 c5 33.Kd3 cxb4 34.Kc4 Rxa5 35.Rxb4 b5+ 36.Kc5 Ke6
37.Rf4 Ra4 38.Rf6+ Ke7 39.f4 b4 40.Rb6 a5 41.Rb7+ Kf8 42.Rb8+ Kg7 43.Rb7 b3
44.Rxb3 Rxf4 45.Rb2 a4 46.Ra2 g5 47.Kd5 h5 48.g3 Rb4 49.Kc5 Rg4 50.Ra3 Kg6
51.Re3 h4 52.Rf3 hxg3 53.hxg3 Re4 54.Kd5 Rb4 55.Rf6+ Kg7 56.Ra6 g4 57.Ra7 Kg6
58.Ra6+ Kg5 59.Ra7 Kg6 60.Ra6+ Kg5  1/2-1/2

[Event "Jarleslaget op"]
[Site "Trondheim"]
[Date "1997.??.??"]
[Round "3"]
[White "Madsen, Dag"]
[Black "Johansson, Per"]
[Result "1-0"]
[WhiteElo "2265"]
[BlackElo "2155"]

1.d4 d5 2.c4 c6 3.Nf3 Nf6 4.Nc3 dxc4 5.a4 Bf5 6.e3 e6 7.Bxc4 Bb4 8.Qe2 Nbd7
9.O-O O-O 10.e4 Bg4 11.Rd1 Bxf3 12.gxf3 Nh5 13.f4 Qh4 14.Qf3 Rad8 15.Be3 a5
16.Kh1 g6 17.Rg1 Ng7 18.f5 exf5 19.Bg5 fxe4 20.Nxe4 Qh5 21.Qxh5 Nxh5 22.Bxd8 Rxd8
23.Ng5 Rf8 24.Rad1 Nb6 25.Bb3 Nf4 26.Rg3 Nbd5 27.Rf3 Kg7 28.Ne4 Rd8 29.Nc3 Ne6
30.Bxd5 cxd5 31.Re3 Kf6 32.Re5 Nf4 33.Kg1 Bd6 34.Re3 Bb4 35.Ne2 Ne6 36.Rdd3 Rc8
37.Rf3+ Ke7 38.Nc3 Rd8 39.Rde3 Rd7 40.Re5 Bxc3 41.bxc3 Kd6 42.Re2 f5 43.Rfe3 Ng5
44.Rb2 f4 45.Rd3 Rc7 46.Rb6+ Rc6 47.Rxb7 Ne4 48.Rxh7 Nxc3 49.Rg7 Rc4 50.Rxg6+ Ke7
51.Ra6 Ne2+ 52.Kf1 Nxd4 53.Rxa5 f3 54.Ke1 Kd6 55.Kd2 Ke5 56.Re3+ Kd6 57.Ra6+ Kc5
58.Rc3 Kb4 59.Rxc4+ dxc4 60.Rb6+ Kc5 61.Rb1 Ne2 62.Rb8 c3+ 63.Kd3  1-0

[Event "Jarleslaget op"]
[Site "Trondheim"]
[Date "1997.??.??"]
[Round "9"]
[White "Andersen, Ole Bo"]
[Black "Johansson, Per"]
[Result "1-0"]
[WhiteElo "2210"]
[BlackElo "2155"]

1.d4 d5 2.c4 c6 3.Nf3 Nf6 4.Nc3 dxc4 5.a4 Bf5 6.e3 e6 7.a5 Bd3 8.Bxd3 cxd3
9.Qb3 Na6 10.Qxb7 Nb4 11.Ne5 Be7 12.Nxc6 Nxc6 13.Qxc6+ Kf8 14.Qc4 Rc8 15.Qxd3 Bb4
16.a6 h5 17.O-O Qc7 18.Bd2 Ng4 19.f4 Qb6 20.h3 Nh6 21.Rfc1 Rd8 22.Na4 Qd6
23.Bxb4 Qxb4 24.Qa3 Qxa3 25.Rxa3 g6 26.Rc7 Nf5 27.Nc5 Nd6 28.Rb3 h4 29.Rxa7 g5
30.Rd7 Rxd7 31.Nxd7+ Ke7 32.Nb8 Nc8 33.Nc6+ Kd6 34.Rb8  1-0

[Event "Villa Ballester op"]
[Site "Villa Ballester"]
[Date "1997.??.??"]
[Round "2"]
[White "Sorokin, Maxim"]
[Black "Recoulat, Eduardo J"]
[Result "1-0"]
[WhiteElo "2560"]
[BlackElo "2190"]

1.d4 d5 2.c4 c6 3.Nf3 Nf6 4.Nc3 dxc4 5.a4 Bf5 6.Ne5 Nbd7 7.Nxc4 Qc7 8.g3 e5
9.dxe5 Nxe5 10.Bf4 Rd8 11.Qc1 Bd6 12.Nxd6+ Qxd6 13.Bg2 O-O 14.O-O Qe6 15.Qe3 Ng6
16.Qxe6 Bxe6 17.Bg5 Ne7 18.e4 h6 19.Be3 Nc8 20.a5 Rfe8 21.f3 Rd3 22.Rfe1 Rdd8
23.Na4 Nd7 24.Bf4 Ne7 25.Rec1 a6 26.Bc7 Rc8 27.Bd6 f6 28.f4 g6 29.Ra3 Kf7
30.b4 h5 31.Nc5 Nxc5 32.bxc5 Rcd8 33.Rb1 Rd7 34.Ra4 Nc8 35.Rab4 Nxd6 36.cxd6 Rxd6
37.Rxb7+ Re7 38.Bf1 Rd4 39.R7b6 Bc4 40.Rxc6 Bxf1 41.Kxf1 Rdxe4 42.Rbb6 Re1+
43.Kg2 R1e2+ 44.Kh3 R7e6 45.Rxe6 Rxe6 46.Kh4 Ke7 47.Rb7+ Kf8 48.Ra7 Re2 49.h3 Re6
50.g4 hxg4 51.Kxg4 Rc6 52.h4 Rd6 53.h5 gxh5+ 54.Kxh5 Rd5+ 55.Kg6 Rxa5 56.Kxf6 Kg8
57.Kg6 Kf8 58.f5 Ra3 59.Ra8+ Ke7 60.f6+ Kd7 61.f7  1-0

[Event "VAM Hoogeveen op"]
[Site "Wijk aan Zee"]
[Date "1997.??.??"]
[Round "6"]
[White "Greenfeld, Alon"]
[Black "Ernst, Sipke"]
[Result "1-0"]
[WhiteElo "2540"]
[BlackElo "2270"]

1.d4 d5 2.c4 c6 3.Nc3 Nf6 4.Nf3 dxc4 5.a4 Bf5 6.Ne5 e6 7.f3 c5 8.e4 cxd4
9.Bxc4 Bg6 10.Nb5 a6 11.Nxg6 hxg6 12.Nxd4 Qc7 13.Qb3 Nbd7 14.Be3 Rxh2 15.Rxh2 Qxh2
16.O-O-O Rc8 17.Kb1 Qc7 18.Rc1 Qb6 19.Qa2 Bc5 20.a5 Qd6 21.Bxe6 fxe6 22.Qxe6+ Qxe6
23.Nxe6 Bxe3 24.Rxc8+ Ke7 25.Nd8 Nc5 26.Nxb7 Nxb7 27.Rc7+ Nd7 28.Rxb7 Bd2
29.b4 Kd6 30.Ra7 Bxb4 31.Rxa6+ Kc7 32.Rxg6 Bxa5 33.Rxg7 Kd6 34.Kc2 Ke6 35.Rg6+ Kf7
36.Rc6 Be1 37.f4 Bg3 38.Rc3  1-0

[Event "Excelsior Cup"]
[Site "Gothenburg"]
[Date "1998.01.09"]
[Round "3"]
[White "Aagaard, Jacob"]
[Black "Ziegler, Ari"]
[Result "0-1"]
[WhiteElo "2395"]
[BlackElo "2425"]

1.d4 d5 2.c4 c6 3.Nc3 Nf6 4.Nf3 dxc4 5.a4 Bf5 6.e3 e6 7.Bxc4 Bb4 8.O-O O-O
9.Qe2 Bg6 10.Ne5 Nbd7 11.Nxg6 hxg6 12.Rd1 Qa5 13.Bd2 e5 14.Be1 Rad8 15.Qc2 exd4
16.Rxd4 c5 17.Rdd1 Nb6 18.Be2 Rxd1 19.Qxd1 Nc8 20.Bf3 Rd8 21.Qe2 Nd6 22.g3 a6
23.e4 Re8 24.Bg2 Nf5 25.f4 Nd4 26.Qd1 Nd7 27.e5 Nb6 28.Qd3 c4 29.Qe4 Nb3
30.Rd1 Nc5 31.Qe2 Nd3 32.Bxb7 Nxa4 33.Nxa4 Qxa4 34.Bxb4 Qxb4 35.Be4 Nxb2
36.Rd7 c3 37.Kg2 Qc5 38.Bd5 c2 39.e6 Qxd5+ 40.Rxd5 c1=Q 41.exf7+ Kxf7 42.Rd7+ Kf8
43.Qxa6 Qc2+ 44.Kf1 Nc4 45.Qxg6  0-1